000 01450nam0a2200325 4500
001 RU\NLR\BIBL_A\022107227
005 20260202121117.0
010 _a987-5-00221-040-4
_9500
021 _aRU
_bКН-П-23-075881
_9КН-П-23-7661
035 _a(NLR Aleph) 022107227
035 _a(RuMoRGB)012393157
090 _a13543389
_c13543389
100 _a20240112d2023 k y0rusy50 ca
101 0 _arus
102 _aRU
105 _aa z 000yy
181 0 _ai3
_baxxe
182 0 _an
200 1 _aРезонансная вибрация и звукоизлучение инженерных конструкций
_eучебное пособие
_fВ. Ю. Кирпичников
203 _aТекст
_bвизуальный
_cнепосредственный
210 _aСанкт-Петербург
_cИзд-во БГТУ "Военмех" им. Д. Ф. Устинова
_d2023
215 _a239, [1] с.
_cил., табл., цв. ил.
_d21
320 _aБиблиогр.: с. 235-239 (69 назв.)
606 1 _aСуда
_xВибрация
_xМатематические исследования
_jУчебные издания для высших учебных заведений
_2nlr_sh1
_2nlr_sh2
_3RU\NLR\AUTH\661066085
686 1 _aО42-016.6я73-1
700 1 _aКирпичников
_bВ. Ю.
_gВалерий Юлианович
942 _cBOOK
980 _aNB